-
UDDIN, REHAN AND RAJAWAT, DR. JETINDRA SINGH AND VEJENDRA , DR. RAVI KUMAR
Entry Personal Name
Number of records used in: 1
001 - CONTROL NUMBER
003 - CONTROL NUMBER IDENTIFIER
005 - DATE AND TIME OF LATEST TRANSACTION
- control field:
20251117182940.0
008 - FIXED-LENGTH DATA ELEMENTS
- fixed length control field:
251117|| aca||aabn | a|a d
040 ## - CATALOGING SOURCE
- Original cataloging agency:
JRU
- Transcribing agency:
JRU
100 ## - HEADING--PERSONAL NAME
- Personal name:
UDDIN, REHAN AND RAJAWAT, DR. JETINDRA SINGH AND VEJENDRA , DR. RAVI KUMAR
670 ## - SOURCE DATA FOUND
- Source citation:
Work cat.: (JRU)8912: UDDIN, REHAN AND RAJAWAT, DR. JETINDRA SINGH AND VEJENDRA , DR. RAVI KUMAR, A TEXTBOOK OF PHARMACEUTICAL ENGINEERING, 2025